| 000 | 00641nam a2200181 a 4500 | ||
|---|---|---|---|
| 005 | 20140310183557.0 | ||
| 008 | 111118s19uu xx 00 eng d | ||
| 020 | _a9789810698751 | ||
| 050 |
_aTK 5105.5 _b.D995 2008 |
||
| 245 |
_aNetwork fundamentals : _bCCNA exploration companion guide / _cMark Dye, Rick McDonald, Antoon Rufi - editors. |
||
| 260 |
_aIndana, USA : _bCISCO Press, _c2008. |
||
| 300 |
_a528 p. : _bill. ; _c25 cm. |
||
| 521 | _aIT | ||
| 650 |
_aComputer networks _xExaminations _xStudy guide |
||
| 650 |
_aTelecommunications engineers _xCertification _xExaminations _xStudy guide |
||
| 942 |
_cBK _2lcc _kFOR |
||
| 999 |
_c25041 _d25041 |
||